Stati per produzione di pesche - Statistics

Statistiche generali
  • Questo quiz è stato fatto 7 volte
  • Il punteggio medio è 13 su 15
Statistiche sulle risposte
Continente Produzione (tonnellate) Stato % Corretto
America del Sud 248 090 Argentina
100%
America del Sud 191 885 Brasile
100%
America del Sud 337 402 Cile
100%
Asia 14 469 004 Cina
100%
Africa 266 628 Egitto
100%
Europa 207 759 Francia
100%
Europa 1 427 573 Italia
100%
America del Nord 927 178 Stati Uniti
100%
Asia / Europa 674 136 Turchia
100%
Europa 847 990 Grecia
83%
Asia 287 778 India
83%
Asia 863 922 Iran
83%
Europa 1 529 919 Spagna
83%
Asia 230 334 Corea del Sud
33%
Asia 226 127 Uzbekistan
33%
Nessun quiz corrispondente trovato
Distribuzione punteggi
Percentuale di utenti per punteggio
Percentile per numero di risposta
I tuoi punteggi nel tempo
Non hai fatto questo quiz